| 000 | 00377nam a2200109Ia 4500 | ||
|---|---|---|---|
| 008 | 171204s9999 xx 000 0 und d | ||
| 245 | _aAchieving Competitive Advantage Through Quality Management: | ||
| 245 | _cJosé Álvarez-García and Marta Peris-Ortiz | ||
| 260 | _c2015 | ||
| 650 | _xTotal Quality Management | ||
| 856 | _uhttp://down.ebook777.com/028/AchComAdvThrQuaMan.pdf | ||
| 999 |
_c346839 _d346839 |
||